Judicial Independence in Context / (Record no. 54)

MARC details
000 -LEADER
fixed length control field 00476nam a22001577a 4500
005 - DATE AND TIME OF INPUT
control field 20231025125431.0
008 - DATA ELEMENTS--GENERAL INFORMATION
fixed length control field 231025b |||||||| |||| 00| 0 eng d
020 ## - INTERNATIONAL STANDARD BOOK NUMBER
International Standard Book Number 9781552211953
082 ## - SHELF NUMBER
DDC number 347.1 JUD
100 ## - MAIN AUTHOR
Language of a work English
245 ## - TITLE STATEMENT
Title Judicial Independence in Context /
Statement of responsibility, etc. edited by A Dodek and L Sossin
260 ## - PUBLICATION, DISTRIBUTION, ETC.
Place of publication, distribution, etc. Canada :
Name of publisher, distributor, etc. Irwin Law Inc.,
Date of publication, distribution, etc. 2010
300 ## - PHYSICAL DESCRIPTION
Other physical details xix, 641 pages ;
Dimensions 23,7 cm.
650 ## - SUBJECT`
Broad subject Legal practice
Own subject terms Law
942 ## - ADDED ENTRY ELEMENTS (KOHA)
Item type Books
942 ## - ADDED ENTRY ELEMENTS (KOHA)
-- ALISON_BN_VRIES
Holdings
Source of classification or shelving scheme Not for loan Collection code Home library Current library Shelving location Date acquired Full call number Barcode Price effective from Koha item type
Dewey Decimal Classification   TEXT BOOKS LAW SOCIETY OF NAMIBIA LIBRARY - WINDHOEK LAW SOCIETY OF NAMIBIA LIBRARY - WINDHOEK Civil Procedure and Court 10/25/2023 347.1 JUD LSN/2011/76 10/25/2023 Books